Farmer first revisited : (Record no. 1056)
[ view plain ]
| 000 -LEADER | |
|---|---|
| fixed length control field | 01388nam a22003017a 4500 |
| 005 - DATE AND TIME OF LATEST TRANSACTION | |
| control field | 20240325074618.0 |
| 008 - FIXED-LENGTH DATA ELEMENTS--GENERAL INFORMATION | |
| fixed length control field | 240325b |||||||| |||| 00| 0 eng d |
| 020 ## - INTERNATIONAL STANDARD BOOK NUMBER | |
| International Standard Book Number | 9781853396823 |
| 020 ## - INTERNATIONAL STANDARD BOOK NUMBER | |
| International Standard Book Number | 1853396826 |
| 035 ## - SYSTEM CONTROL NUMBER | |
| System control number | (OCoLC)ocn319585010 |
| 040 ## - CATALOGING SOURCE | |
| Original cataloging agency | RAU |
| Transcribing agency | KMU |
| Modifying agency | KMU |
| -- | KMU |
| -- | CDX |
| -- | YDXCP |
| -- | DLC |
| 042 ## - AUTHENTICATION CODE | |
| Authentication code | lccopycat |
| 050 00 - LIBRARY OF CONGRESS CALL NUMBER | |
| Classification number | S542.D44 Far |
| 245 00 - TITLE STATEMENT | |
| Title | Farmer first revisited : |
| Remainder of title | innovation for agricultural research and development / |
| Statement of responsibility, etc. | edited by Ian Scoones and John Thompson ; with a foreword by Robert Chambers. |
| 260 ## - PUBLICATION, DISTRIBUTION, ETC. | |
| Place of publication, distribution, etc. | Rugby, UK : |
| Name of publisher, distributor, etc. | Practical Action Pub., |
| Date of publication, distribution, etc. | 2009. |
| 300 ## - PHYSICAL DESCRIPTION | |
| Extent | xxv, 357 p. : |
| Other physical details | ill. ; |
| Dimensions | 24 cm. |
| 504 ## - BIBLIOGRAPHY, ETC. NOTE | |
| Bibliography, etc. note | Includes bibliographical references (p. [323]-342) and index. |
| 650 #0 - SUBJECT ADDED ENTRY--TOPICAL TERM | |
| Topical term or geographic name entry element | Agriculture |
| General subdivision | Research |
| Geographic subdivision | Developing countries. |
| 650 #0 - SUBJECT ADDED ENTRY--TOPICAL TERM | |
| Topical term or geographic name entry element | Agricultural innovations |
| Geographic subdivision | Developing countries. |
| 700 1# - ADDED ENTRY--PERSONAL NAME | |
| Personal name | Scoones, Ian. |
| 700 1# - ADDED ENTRY--PERSONAL NAME | |
| Personal name | Thompson, John. |
| 856 42 - ELECTRONIC LOCATION AND ACCESS | |
| Materials specified | Contributor biographical information |
| Uniform Resource Identifier | <a href="http://www.loc.gov/catdir/enhancements/fy1116/2009289585-b.html">http://www.loc.gov/catdir/enhancements/fy1116/2009289585-b.html</a> |
| 856 42 - ELECTRONIC LOCATION AND ACCESS | |
| Materials specified | Publisher description |
| Uniform Resource Identifier | <a href="http://www.loc.gov/catdir/enhancements/fy1116/2009289585-d.html">http://www.loc.gov/catdir/enhancements/fy1116/2009289585-d.html</a> |
| 856 41 - ELECTRONIC LOCATION AND ACCESS | |
| Materials specified | Table of contents only |
| Uniform Resource Identifier | <a href="http://www.loc.gov/catdir/enhancements/fy1116/2009289585-t.html">http://www.loc.gov/catdir/enhancements/fy1116/2009289585-t.html</a> |
| 906 ## - LOCAL DATA ELEMENT F, LDF (RLIN) | |
| a | 7 |
| b | cbc |
| c | copycat |
| d | 2 |
| e | ncip |
| f | 20 |
| g | y-gencatlg |
| 942 ## - ADDED ENTRY ELEMENTS (KOHA) | |
| Source of classification or shelving scheme | Library of Congress Classification |
| Koha item type | Non-Fiction |
| Suppress in OPAC | No |
| Withdrawn status | Lost status | Source of classification or shelving scheme | Damaged status | Not for loan | Collection | Home library | Current library | Shelving location | Date acquired | Source of acquisition | Total Checkouts | Full call number | Barcode | Date last seen | Price effective from | Koha item type |
|---|---|---|---|---|---|---|---|---|---|---|---|---|---|---|---|---|
| Library of Congress Classification | Non-fiction | Kapasa Makasa University | Kapasa Makasa University | Open Access | 25.03.2024 | Book Aid | S 542.D44 Far | 740222 | 25.03.2024 | 25.03.2024 | Non-Fiction |